000 00781nam a2200205 i 4500
001 35090
003 ES-MaACL
005 20230906155043.0
007 t|
008 030212s1933 sp ||||1| spa d
100 1 _aBorchardt, L.
_930369
245 1 3 _aLa constitución individual ante la clínica
_b: tratado de las relaciones existentes entre el desarrollo del cuerpo y la enfermedad /
_cpor L. Borchardt ; traducido por Fred Reber con la colaboración de Joaquín Núñez Torano.
260 _aMadrid :
_bPlus-Ultra,
_c1933 (
_fImp. A. Marzo)
300 _a410 p. :
_bil. ;
_c24 cm.
650 4 _aHombre-
_xConstitución.
_9159871
650 0 4 _aPatología.
_915884
700 1 _aReber, Fred.
_995696
700 1 _aNúñez Torano, Joaquín.
_986229
852 _aES-MaACL
_jE-1704
999 _c35090
_d35090